Enough! Eradicate Bullying and Incivility in Healthcare: (Record no. 60330)

MARC details
000 -LEADER
fixed length control field 00696nam a2200205 4500
005 - DATE AND TIME OF LATEST TRANSACTION
control field 20260407134348.0
008 - FIXED-LENGTH DATA ELEMENTS--GENERAL INFORMATION
fixed length control field 260407b |||||||| |||| 00| 0 eng d
020 ## - INTERNATIONAL STANDARD BOOK NUMBER
International Standard Book Number 978-1732251069
050 ## - LIBRARY OF CONGRESS CALL NUMBER
Classification number RT727.3
Item number .T46 2019
100 ## - MAIN ENTRY--PERSONAL NAME
Personal name Thompson, Renee
245 ## - TITLE STATEMENT
Title Enough! Eradicate Bullying and Incivility in Healthcare:
Remainder of title Strategies for Front Line Leaders/
260 ## - PUBLICATION, DISTRIBUTION, ETC. (IMPRINT)
Place of publication, distribution, etc USA;
Name of publisher, distributor, etc Incredible Messages Press,
Date of publication, distribution, etc 2019
300 ## - PHYSICAL DESCRIPTION
Extent 208 p.:
Dimensions 23 cm
500 ## - GENERAL NOTE
General note includes bibliographical references
650 ## - SUBJECT ADDED ENTRY--TOPICAL TERM
Topical term or geographic name as entry element Bullying
General subdivision Prevention.
650 ## - SUBJECT ADDED ENTRY--TOPICAL TERM
Topical term or geographic name as entry element Incivility
General subdivision Prevention.
650 ## - SUBJECT ADDED ENTRY--TOPICAL TERM
Topical term or geographic name as entry element Health personnel
General subdivision Professional relationships.
650 ## - SUBJECT ADDED ENTRY--TOPICAL TERM
Topical term or geographic name as entry element Medical care
General subdivision Quality control.
942 ## - ADDED ENTRY ELEMENTS (KOHA)
Source of classification or shelving scheme Library of Congress Classification
Item type Book
Holdings
Withdrawn status Lost status Source of classification or shelving scheme Damaged status Not for loan Collection code Home library Current library Shelving location Date acquired Source of acquisition Cost, normal purchase price Total Checkouts Full call number Barcode Date last seen Copy number Price effective from Koha item type
    Library of Congress Classification   Not For Loan Non-fiction Bishop Okullu Memorial Library (Limuru Campus) Bishop Okullu Memorial Library (Limuru Campus) Processing Center 07/04/2026 Donation- Pittsburgh 3219.00   RT727.3 .T46 2019 073288 07/04/2026 1 07/04/2026 Book